| 000 | 00857nam a2200289 a 4500 | ||
|---|---|---|---|
| 003 | AR-BaBNM | ||
| 005 | 20251128210300.0 | ||
| 008 | 082120s2002 ||||||||||||||000 | spa|| | ||
| 020 | _a0-205-19806-6 | ||
| 040 | _cAR-BaBNM | ||
| 100 | 1 | _aGenick, Patricia A. | |
| 245 | 0 | 0 |
_aIndependent learning and literacy _bestrategies for elementary teachers |
| 260 |
_aBoston _bAllyn & Bacon _c1997 |
||
| 300 |
_a196 p. _btablas |
||
| 504 | _aContiene bibliografía al final de cada capítulo | ||
| 650 | 4 | _aEDUCACION BASICA | |
| 650 | 4 | _aENSEÑANZA DE LA LECTURA | |
| 650 | 4 | _aENSEÑANZA DE LA ESCRITURA | |
| 650 | 4 | _aMETODOS DE ENSEÑANZA | |
| 650 | 4 | _aPARTICIPACION DEL ALUMNO | |
| 650 | 4 | _aROL DEL DOCENTE | |
| 650 | 4 | _aAUTOAPRENDIZAJE | |
| 653 | _aENSENANZA DE LA LENGUA | ||
| 653 | _aESTRATEGIAS EDUCATIVAS | ||
| 942 | _cBK | ||
| 998 | _cRaquel | ||
| 999 |
_c14778 _d14778 |
||